02101nam a2200493 i 450000100060000000300080000600500170001400600190003100700150005000800410006502000180010602000270012403500230015103500240017403500250019803500210022304000310024405000210027508000080029608200170030410000430032124501170036426401160048130000410059733600310063833700330066933800430070250000230074550400290076858801280079759001590092565000500108465000490113465000570118365000550124065100450129565100420134065100520138265100480143465500270148279700190150985600620152899900170159027502FlNmELB20241216220003.0m o d | cr cnu||||||||160215s1998 mx ob 001 0 spa d z9789688427842 a9781512924138 (e-book) a(MiAaPQ)EBC4310666 a(Au-PeEL)EBL4310666 a(CaPaEBR)ebr11138525 a(OCoLC)984775149 aFINmELBbspaerdacFINmELB 4aF1234bA235 1998 a9720 a972.08162231 aAguilar Rivera, José Antonio,d1968-13aLa sombra de Ulises :bensayos sobre intelectuales mexicanos y norteamericanos /cJosé Antonio Aguilar Rivera. 1aMéxico D.F. :bCentro de Investigación y Docencia Económica :bEditorial Miguel Ángel Porrúa,c[1998] a1 recurso en línea (197 páginas) atextobtxt2rdacontent/spa acomputadorabc2rdamedia/spa arecurso en líneabcr2rdacarrier/spa aContiene índice. aContiene bibliografía. aDescripción basada en recurso en línea; Título de la página del título en PDF (e-libro, visto February 15, 2016). aRecurso electronico. Santa Fe, Arg. : e-libro, 2016. Disponible via World Wide Web. El acceso puede ser limitado para las bibliotecas afiliadas a e-libro. 0aIntellectualszMexicoxHistoryy20th century. 4aIntelectualeszMéxicoxHistoriaySiglo 20. 0aIntellectualszUnited StatesxHistoryy20th century. 4aIntelectualeszEstados UnidosxHistoriaySiglo 20. 0aMexicoxIntellectual lifey20th century. 4aMéxicoxVida intelectualySiglo 20. 0aUnited StatesxIntellectual lifey20th century. 4aEstados UnidosxVida intelectualySiglo 20. 4aLibros electrónicos.2 ae-libro, Corp.40uhttps://elibro.net/ereader/politecnicointernacional/73026 c27502d27502